000
00323nam a2200133Ia 4500
005
20251222144754.0
008
251222s9999||||xx |||||||||||||| ||spa||
020
_a
978-958-20-015-1
082
_a
153.42/C24
100
_a
Campos Arenas, Agustín
245
0
_a
Pensamiento Crítico:
264
_b
Magisterio
942
_c
LIB
999
_c
19469
_d
19469